MotoGP Season 2025 Race Winners - Statistics

General Stats
  • This quiz has been taken 21 times
  • The average score is 21 of 22
Answer Stats
Grand Prix Country Winner % Correct
Spain Spain Álex Márquez
100%
Catalonia (Spain) Spain Álex Márquez
100%
Malaysia Spain Álex Márquez
100%
France France Johann Zarco
100%
Thailand Spain Marc Márquez
100%
Argentina Spain Marc Márquez
100%
Qatar Spain Marc Márquez
100%
Aragon (Spain) Spain Marc Márquez
100%
Italy Spain Marc Márquez
100%
Netherlands Spain Marc Márquez
100%
Germany Spain Marc Márquez
100%
Czech Republic Spain Marc Márquez
100%
Austria Spain Marc Márquez
100%
Hungary Spain Marc Márquez
100%
San Marino Spain Marc Márquez
100%
United Kingdom Italy Marco Bezzecchi
100%
Portugal Italy Marco Bezzecchi
100%
Valencia (Spain) Italy Marco Bezzecchi
100%
United States Italy Francesco Bagnaia
94%
Japan Italy Francesco Bagnaia
94%
Indonesia Spain Fermín Aldeguer
67%
Australia Spain Raúl Fernández
67%
No matching quizzes found
Score Distribution
Percent of People with Each Score
Percentile by Number Answered
Your Score History
You have not taken this quiz